00574nam a2200109Ia 4500008004100000245002300041300024200064650001600306856005100322999001900373952007200392170517s9999 xx 000 0 und d 4aThe Lazarus Effect aThe 30 minute film illustrates the transformative effect of life-saving antiretroviral medicine through the stories of HIV+ people in Zambia. By taking the ARV medicine – 2 life-saving pills that cost around 40 cents a day – in as... xTechnology. uhttp://topdocumentaryfilms.com/lazarus-effect/ c335112d335112 001040aCLbCLd2017-05-17l0r2017-05-17 00:00:00w2017-05-17yDF